000 00642nam a2200205Ia 4500
003 OSt
005 20250313090628.0
008 210210b1983 xxu||||| |||| 00| 0 eng d
040 _cAL
041 _ahin
082 _aH891.2 BAKM
100 _aBAKSHI (Swarup Kumari):
_9205800
110 _bबक्शी स्वरुप कुमारी
_9205801
245 _aMere shresht rangmanchiy hasty ekanki:
_bमेरे श्रेष्ट रंगमंचीय हस्ती एकांकी
260 _aDilli
_bKitabghar
_c1983
300 _a88
690 _aHindi Drama
_9205802
906 _aSG02924
942 _2ddc
_cBK
999 _c113810
_d113810